Quick Maths - Statistics

General Stats
  • This quiz has been taken 398 times
  • The average score is 8 of 15
Answer Stats
Question Answer % Correct
6+6 Twelve
99%
6x5 Thirty
96%
12-4 Eight
91%
9/3 Three
91%
16/4 Four
65%
6x8 Forty-eight
64%
7x6 Forty-two
62%
3x5 Fifteen
56%
16+9 Twenty-five
54%
22-8 Fourteen
31%
2x9 Eighteen
29%
14+9 Twenty-three
27%
25/5 Five
19%
9x8 Seventy-two
17%
13x7 Ninety-one
5%
No matching quizzes found
Score Distribution
Percent of People with Each Score
Percentile by Number Answered
Your Score History
You have not taken this quiz